[Event "EU-ch (Women) 4th"]
[Site "Istanbul"]
[Date "2003.06.11"]
[Round "8"]
[White "Zawadzka, Beata"]
[Black "Agababean, Naira"]
[Result "1-0"]
[WhiteElo "2206"]
[BlackElo "2319"]
[PlyCount "81"]
[EventDate "2003.06.02"]
[EventType "swiss"]
[EventRounds "11"]
[EventCountry "TUR"]
[SourceTitle "CBM 094 Extra"]
[Source "ChessBase"]
[SourceDate "2003.07.09"]
[SourceVersion "2"]
[SourceVersionDate "2003.07.09"]
[SourceQuality "1"]

1. e4 d6 2. d4 g6 3. Nc3 Bg7 4. f4 c6 5. Nf3 b5 6. Bd3 a6 7. Be3 Nd7 8. e5 d5 9. f5 gxf5 10. Ng5 Nf8 11. Qh5 Ng6 12. g4 Nh6 13. e6 f4 14. Nxf7 Nxf7 15. exf7+ Kf8 16. Bf2 Qd6 17. 0-0-0 a5 18. Rhe1 a4 19. Ne2 b4 20. Kb1 Be6 21. Bxg6 hxg6 22. Qxg6 Rh6 23. Qg5 Bxf7 24. Nxf4 b3 25. Bg3 bxc2+ 26. Kxc2 Qb4 27. Nd3 Qc4+ 28. Kd2 Rf6 29. Qe3 Ra7 30. Be5 Re6 31. Rf1 Kg8 32. Rc1 Qxa2 33. Qf4 Bg6 34. Bxg7 Kxg7 35. Qf8+ Kh7 36. Rf7+ Bxf7 37. Qxf7+ Kh8 38. Qxe6 a3 39. Qh6+ Kg8 40. Rf1 Ra8 41. Qg6+ 1-0

[Event "Cappelle op 19th"]
[Site "Cappelle la Grande"]
[Date "2003.02.22"]
[Round "1"]
[White "Agababean, Naira"]
[Black "Turov, Maxim"]
[Result "0-1"]
[WhiteElo "2319"]
[BlackElo "2525"]
[PlyCount "90"]
[EventDate "2003.02.22"]
[EventType "swiss"]
[EventRounds "9"]
[EventCountry "FRA"]
[SourceTitle "CBM 092 Extra"]
[Source "ChessBase"]
[SourceDate "2003.03.07"]
[SourceVersion "1"]
[SourceVersionDate "2003.03.07"]
[SourceQuality "1"]

1. d4 Nf6 2. Bg5 e6 3. e4 h6 4. Bxf6 Qxf6 5. e5 Qd8 6. Nf3 d6 7. Bd3 g5 8. 0-0 Bg7 9. Re1 Nd7 10. exd6 cxd6 11. c3 0-0 12. Na3 Nf6 13. Nd2 Bd7 14. Ne4 Bc6 15. Nxf6+ Qxf6 16. Nc4 Qd8 17. Ne3 Bd7 18. d5 Qb6 19. Rb1 Rae8 20. Qh5 exd5 21. Nxd5 Qc5 22. Ne7+ Kh8 23. Qf3 Be5 24. Nf5 Bf4 25. Nxh6 Kg7 26. Rxe8 Rxe8 27. Qxb7 Re7 28. Nf5+ Bxf5 29. Qxe7 Bxd3 30. Re1 g4 31. g3 Bg5 32. Qb7 Bf5 33. a3 a5 34. Re8 Bf6 35. Qa8 Qb5 36. Rh8 Kg6 37. Qg8+ Bg7 38. Qh7+ Kf6 39. Qh4+ Ke6 40. Rg8 Qxb2 41. Re8+ Kd5 42. Qg5 Qb1+ 43. Kg2 Be5 44. Qd2+ Bd3 45. h4 Kc6 0-1